Statistics for JetPunk Country Acronyms

Click here to take the quiz!

General Stats

  • This quiz has been taken 39 times
  • The average score is 8 of 15

Answer Stats

AbbreviationCountry% Correct
USAUnited States
92%
UK / GBUnited Kingdom
89%
UAEUnited Arab Emirates
81%
DRCDemocratic Republic of the Congo
78%
DRDominican Republic
75%
CARCentral African Republic
61%
NZNew Zealand
53%
PNGPapua New Guinea
47%
PRCChina
42%
FSMFederated States of Micronesia
42%
DPRKNorth Korea
42%
ROCTaiwan
42%
ROKSouth Korea
36%
FYROMNorth Macedonia
28%
KSASaudi Arabia
22%

Score Distribution

Percentile by Number Answered

Percent of People with Each Score

Your Score History

You have not taken this quiz